NIMSA - Mapping in the national interest. (Record no. 60467)
[ view plain ]
| 000 -LEADER | |
|---|---|
| fixed length control field | 00742cam a2200169 4500 |
| 001 - CONTROL NUMBER | |
| control field | ABS60820 |
| 008 - FIXED-LENGTH DATA ELEMENTS--GENERAL INFORMATION | |
| fixed length control field | 000000n1999 000 0 eng u |
| 035 ## - SYSTEM CONTROL NUMBER | |
| System control number | (Sirsi) u101318 |
| 100 ## - MAIN ENTRY--PERSONAL NAME | |
| Personal name | Havercroft, M. |
| 245 ## - TITLE STATEMENT | |
| Title | NIMSA - Mapping in the national interest. |
| 260 ## - PUBLICATION, DISTRIBUTION, ETC. | |
| Date of publication, distribution, etc. | 1999 |
| 490 ## - SERIES STATEMENT | |
| Series statement | Mapping Awareness |
| Volume/sequential designation | 13(5) May 1999, 22-25(4) |
| 520 ## - SUMMARY, ETC. | |
| Summary, etc. | The government and Ordnance Survey have entered into a seven year agreement whereby OS provides mapping services which the government assesses as being in the national interest, and received government funding in return. This article examines the background to the project and the anticipated benefits it will bring. |
| 650 ## - SUBJECT ADDED ENTRY--TOPICAL TERM | |
| Topical term or geographic name entry element | GIS |
| 690 ## - LOCAL SUBJECT ADDED ENTRY--TOPICAL TERM (OCLC, RLIN) | |
| Topical term or geographic name as entry element | MAPPING AND MEASUREMENT |
| 942 ## - ADDED ENTRY ELEMENTS (KOHA) | |
| Suppress in OPAC | 0 |
| Withdrawn status | Lost status | Source of classification or shelving scheme | Damaged status | Not for loan | Home library | Current library | Shelving location | Date acquired | Total Checkouts | Full call number | Barcode | Date last seen | Copy number | Price effective from | Koha item type |
|---|---|---|---|---|---|---|---|---|---|---|---|---|---|---|---|
| Dewey Decimal Classification | London | London | Journal article | 03/11/1999 | ABS60820 | 101318-1001 | 06/08/2019 | 1 | 06/08/2019 | Journal article |